'B' This Typing Challenge Quiz Stats

 Plays Quiz Updated Jul 7, 2014

     
Support Sporcle.
Go Orange.
Score 0/64 Timer 02:00
2 Plays Today
% Correct
be
99.7%
bib
98.9%
lab
98.3%
pub
97.8%
beg
97.3%
stab
97%
best
96.7%
snob
96.5%
bring
96.2%
strobe
95.9%
wobble
95.7%
bounce
95.6%
aboard
95.3%
problem
95.2%
nimble
95.2%
library
95%
rub
91%
amb
90.3%
igb
89.6%
ooeb
89.1%
angb
88.7%
cueb
88.3%
aleb
88.2%
aitb
88%
roeb
87.7%
riebb
87.1%
irthb
86.8%
craybb
86.3%
staleb
85.7%
lursbb
84.9%
aleitb
84.1%
reoundb
83.7%
% Correct
bbus
82.3%
sobb
81.7%
bborn
80.8%
tubbe
80.3%
bbust
79.4%
slobb
78.7%
bbabby
77.6%
clubb
76.6%
fabble
75.5%
robbot
74.1%
abbout
73.1%
fibber
71.9%
bbubbbble
69.1%
marbble
67.1%
bbabboon
64.5%
quibbbble
62%
dad
58.5%
doot
57%
drad
54.6%
duld
52.2%
dumd
50.3%
dody
48%
rids
46.2%
dird
44.1%
cadle
41.8%
mayde
39.6%
doxed
37%
droad
35%
rudded
32.6%
dehind
30.2%
raddit
28.4%
daddle
26.6%

From the Vault

Blue Logos

by minshkins

Who ever said feelin' blue was a bad thing?
Remove Ads.
Support Sporcle.
Get the best of Sporcle when you Go Orange. This ad-free experience offers more features, more stats, and more fun while also helping to support Sporcle. Thank you for becoming a member.

Show Comments

Extras

Top Quizzes Today


Score Distribution

Your Account Isn't Verified!

In order to create a playlist on Sporcle, you need to verify the email address you used during registration. Go to your Sporcle Settings to finish the process.

Report this User

Report this user for behavior that violates our Community Guidelines.

Details: